Представление документа в формате RUSMARC

Поле Инд. ПП Название Значение
Тип записи a
Библиографический уровень a
001 _ Контрольный номер cf44b5dad32241ce88601ffdacdd163e
003 Постоянный идентификатор записи 0063652
005 Дата корректировки 20220425113804.1
100 a Данные общей обработки 20190305c2006 |||y0rusy50 ca
101 0_ a Язык текста rus
102 a Страна публикации RU
200 1_ a Заглавие Исследование вибро-, электоробезопасности и опасности поражения электрическим током при эксплуатации ручных машин
f Первые сведения об ответственности Ванаев В. С.
g Последующие сведения об ответственности Козьяков Анатолий Федорович
g Последующие сведения об ответственности Тупов В. В.
210 d Дата издания 2006
215 a Объем Прил. С. 1-24.
330 a Аннотация Представлены методические указания к лабораторным работам по оценке безопасности оператора при эксплуатации конкретного вида технологического оборудования, а именно ручных машин.
461 _0 1 011
a 1684-6435
1 2001
a Безопасность жизнедеятельности
463 _0 1 2001
a N7
v Прил. С. 1-24.
1 210
d 2006
610 0_ a Ключевые слова безопасность жизнедеятельности
a Ключевые слова метод из ЛБ
610 0_ a Ключевые слова медицина : социальная гигиена. Организация здравоохранения : чрезвычайные ситуации, несчастные случаи (безопасность жизнедеятельности)
610 0_ a Ключевые слова ток, электрический
610 0_ a Ключевые слова образование и педагогика : организация учебной работы : формы преподавания : практические занятия (лабораторные работы)
610 0_ a Ключевые слова опасность
700 _1 a Фамилия Ванаев
b Имя В. С.
g Полное личное имя В. С.
702 _1 a Фамилия Козьяков
b Имя Анатолий Федорович
g Полное личное имя Анатолий Федорович
a Фамилия Тупов
b Имя В. В.
g Полное личное имя В. В.
801 _0 a Страна RU
b Организация Библиотека
c Дата составления 20190305
g Правила каталогизации rusmarc
901 t Тип документа b
938 b Имя БД БД Liber
c Название АИБС Либер